000 00926nam a2200217Ia 4500
001 10018
003 GE_BSU
008 181216s||||||||xx |||||||||||||| ||und||
040 _cGE_BSU
080 _a821.353.1–32+821.353.1-32+821.353.1-1+821.353.1-6
100 _aრობაქიძე,გრიგოლ
245 _aშერისხულნი 15 ტომად. ტ.2. ჩემი ცხოვრება.ენგადი.
245 _bმოთხრობა.ჩაკრული სული.რომანი.ლექსები. წერილები
245 _cმთ.რედ.გ.ხარჩილავა.რედ. ლ.არაბიძე.მხატვ.სპ.ცინცაძე.
260 _aთბილისი
260 _bგამ–ბა "გეა
260 _c1994
300 _a336გვ.20სმ.
653 _aშერისხულნი
942 _cBK
999 _c43291
_d43291